000 00452nam a22001817a 4500
003 CEME
005 20210628205948.0
008 210209b xxu||||| |||| 00| 0 eng d
020 _a0-471-07991-X
040 _c.
082 _a620.112 NEA
100 _aNeathery, Raymond.F
_977683
245 _aApplied stength of materials
260 _aNEWYORK
_bJOHN WILEY
_c1982
300 _a419P
650 _aSTERNGTH OF MATERIALS
_977684
942 _cBK
_2ddc
999 _c582906
_d582906